Introduction to economic analysis
保存先:
| 第一著者: | |
|---|---|
| フォーマット: | 図書 |
| 言語: | Undetermined |
| 出版事項: |
Boston
Little, Brown and Company
1937
|
| 主題: | |
| タグ: |
タグ追加
タグなし, このレコードへの初めてのタグを付けませんか!
|
| Thư viện lưu trữ: | Trung tâm Học liệu Trường Đại học Cần Thơ |
|---|
| LEADER | 00485nam a2200169Ia 4500 | ||
|---|---|---|---|
| 001 | CTU_78728 | ||
| 008 | 210402s9999 xx 000 0 und d | ||
| 082 | |a 330.1 | ||
| 082 | |b M478 | ||
| 100 | |a McIsaac, Archibald MacDonald | ||
| 245 | 0 | |a Introduction to economic analysis | |
| 245 | 0 | |c Archibald MacDonald McIsaac | |
| 260 | |a Boston | ||
| 260 | |b Little, Brown and Company | ||
| 260 | |c 1937 | ||
| 650 | |a Economics,Prices | ||
| 980 | |a Trung tâm Học liệu Trường Đại học Cần Thơ | ||